| 000 | 01770nam0a2200373 4500 | ||
|---|---|---|---|
| 001 | RU\NLR\bibl\1005521 | ||
| 005 | 20260531061424.0 | ||
| 010 |
_a5-7620-1056-2 _96300 |
||
| 021 |
_aRU _b2006-60711 _93019 |
||
| 035 | _a(NLR Aleph) 000993183 | ||
| 090 |
_a531767 _c531767 |
||
| 100 | _a20061110d2005 |||y0rusy50 ca | ||
| 101 | 0 | _arus | |
| 102 | _aRU | ||
| 105 | _aa ||||||||| | ||
| 200 | 1 |
_aЗабайкалье - золотая моя колыбель _e[сказки, легенды, были, сказания _fМежрегион. ассоц. "Сиб. соглашение", Администрация Чит. обл. _gред.-сост. Куренная Е.Ф. _gхудож. Пинигина С.С.] |
|
| 210 |
_aНовосибирск _cНовосибирское книжное издательство _d2005 |
||
| 215 |
_a297,[7] с. _cцв. ил. _d24 |
||
| 225 | 1 | _aСказы народов Сибири | |
| 606 | 1 |
_aНародная проза русская _yЗабайкалье _92454370 _3RU\NLR\auth\661459014 |
|
| 606 | 1 |
_aЭвенкийский фольклор _91395803 _3RU\NLR\auth\66274168 |
|
| 606 | 1 |
_aБурятский фольклор _91202966 _3RU\NLR\auth\66168952 |
|
| 686 | _aШ3(2=1Р)-615.0-99 | ||
| 686 | _aШ3(251.7=Бу)-6я43 | ||
| 686 | _aШ3(251.1=Э)-6я43 | ||
| 702 | 1 |
_4220 _8rus _7ca _aКуренная-Берцик _bЕ. Ф. _gЕлена Федоровна _3RU\NLR\auth\7731378 _914388 |
|
| 702 | 1 |
_aПинигина _bС. С. _4440 |
|
| 712 | 0 | 2 |
_4570 _a"Сибирское соглашение", межрегиональная ассоциация _3RU\NLR\AUTH\889923074 _9342089 |
| 801 | 0 |
_aRU _bNLR _c20061110 _grcr |
|
| 801 | 1 |
_aRU _bNLR _c20061110 |
|
| 942 | _cBOOK | ||
| 980 | _aNB | ||